| 000 | 004250000a22001570004500 | ||
|---|---|---|---|
| 041 | 0 | _aSPA | |
| 082 | 0 | 4 | _aG 270.92 V312i |
| 245 | 1 | 0 | _aLiberación en América Latina : Encuentro teológico Julio 1971 / Varios |
| 260 | _aBogotá : América Latina | ||
| 300 | _a208 Pág. | ||
| 001 | 14318 | ||
| 942 | _cBK | ||
| 999 |
_c43202 _d43202 |
||
| 336 |
_atexto _btxt _2rdacontent |
||
| 337 |
_2rdamedia _asin mediación _bn |
||
| 338 |
_2rdacarrier _avolumen _bnc |
||